| 000 | 01057nam a2200217Ii 4500 | ||
|---|---|---|---|
| 003 | JO-AjNU | ||
| 008 | 230605s9999||||xx |||||||||||||| ||und|| | ||
| 040 |
_aJO-AjNU _bara _erda _cJO-AjNU |
||
| 041 | _aara | ||
| 050 | 1 | 4 | _aHF1359.2010 |
| 100 | 3 |
_aعلي،عبير فريحات, _eauthor _933904 |
|
| 245 | 0 | 0 | _aالدور الإفريقي في الإسراع بالريادة الصينية للاقتصاد العالمي =African role in speedup of the Chinese leadership of the global economY |
| 250 | _aاصدار خاص محكم | ||
| 264 | 3 | 1 | _aالقاهرة: المنظمة العربية للتنمية الادارية،2010 |
| 300 |
_a62ص _bيحتوي على ملاحق من ص 52-62،ببلوغرافية من ص50-51 |
||
| 336 |
_atext _btxt _2rdacontent |
||
| 337 |
_aunmediated _bn _2rdamedia |
||
| 338 |
_avolume _bnc _2rdacarrier |
||
| 490 | 0 | _aالمنظمة العربية للتنمية الادارية بحوث ودراسات | |
| 650 | 4 |
_aالصين-العلاقات الاقتصادية الخارجية-افريقيا _933905 |
|
| 999 |
_aA13846 _c17414 _d17414 |
||